000 00497nam a2200193Ia 4500
005 20240823013837.0
008 240823s9999||||xx |||||||||||||| ||und||
020 _a81-7808-319-1
041 _aENGLISH
082 _A6.7
100 _a"Steinmetz,Ralf"
245 0 _a"Multimedia : Computing,Communications and Applications"
260 _c2004
_b"Pearson,"
500 _aYES
650 _aMultimedia
_bInformation Technology
700 _a" Nahrstedt,Klara"
942 _cBK
999 _c168385
_d168385